|
|
|
|
| LEADER |
02643nam a2200625 i 4500 |
| 001 |
nkc20172899021 |
| 003 |
CZ PrNK |
| 005 |
20171129135545.0 |
| 007 |
ta |
| 008 |
170525s2017 xr a f f 000 0 cze |
| 015 |
|
|
|a cnb002899021
|
| 020 |
|
|
|a 978-80-213-2764-1
|q (brožováno)
|
| 035 |
|
|
|a (OCoLC)1015190615
|
| 040 |
|
|
|a OLA001
|b cze
|e rda
|
| 072 |
|
7 |
|a 504
|x Znečištění a poškození životního prostředí
|2 Konspekt
|9 2
|
| 080 |
|
|
|a 504.5:547.1-3
|2 MRF
|
| 080 |
|
|
|a 661.715.7
|2 MRF
|
| 080 |
|
|
|a 547.6
|2 MRF
|
| 080 |
|
|
|a 502.174:[504.5:502.521]
|2 MRF
|
| 080 |
|
|
|a 632.4
|2 MRF
|
| 080 |
|
|
|a 502.174
|2 MRF
|
| 080 |
|
|
|a (083.744)
|2 MRF
|
| 100 |
1 |
|
|a Tlustoš, Pavel,
|d 1955-
|7 mzk2005269723
|4 aut
|
| 245 |
1 |
0 |
|a Mykoremediace vybraných perzistentních organických polutantů v půdě pomocí ligninolytických hub pěstovaných v substrátech založených na bázi lignocelulózních materiálů :
|b certifikovaná metodika /
|c Pavel Tlustoš a kol.
|
| 250 |
|
|
|a Vydání první
|
| 264 |
|
1 |
|a V Praze :
|b Česká zemědělská univerzita,
|c 2017
|
| 300 |
|
|
|a 24 stran :
|b barevné ilustrace ;
|c 21 cm
|
| 336 |
|
|
|a text
|b txt
|2 rdacontent
|
| 337 |
|
|
|a bez média
|b n
|2 rdamedia
|
| 338 |
|
|
|a svazek
|b nc
|2 rdacarrier
|
| 490 |
1 |
|
|a Certifikovaná metodika
|
| 500 |
|
|
|a Nad názvem: Česká zemědělská univerzita v Praze, Fakulta agrobiologie, potravinových a přírodních zdrojů
|
| 504 |
|
|
|a Obsahuje bibliografii
|
| 650 |
0 |
7 |
|a perzistentní organické polutanty
|7 ph127905
|2 czenas
|
| 650 |
0 |
7 |
|a polycyklické aromatické uhlovodíky
|7 ph124305
|2 czenas
|
| 650 |
0 |
7 |
|a dekontaminace půdy
|7 ph192857
|2 czenas
|
| 650 |
0 |
7 |
|a ligninolytické houby
|7 ph665132
|2 czenas
|
| 650 |
0 |
7 |
|a sanační technologie
|7 ph556161
|2 czenas
|
| 650 |
0 |
7 |
|a přirozená atenuace
|7 ph561143
|2 czenas
|
| 650 |
0 |
9 |
|a persistent organic pollutants
|2 eczenas
|
| 650 |
0 |
9 |
|a polycyclic aromatic hydrocarbons
|2 eczenas
|
| 650 |
0 |
9 |
|a soil decontamination
|2 eczenas
|
| 650 |
0 |
9 |
|a ligninolytic fungi
|2 eczenas
|
| 650 |
0 |
9 |
|a remediation technologies
|2 eczenas
|
| 650 |
0 |
9 |
|a natural attenuation
|2 eczenas
|
| 653 |
0 |
|
|a mykoremediace
|
| 655 |
|
7 |
|a certifikované metodiky
|7 fd806827
|2 czenas
|
| 655 |
|
9 |
|a certified methodology
|2 eczenas
|
| 710 |
2 |
|
|a Česká zemědělská univerzita v Praze.
|b Fakulta agrobiologie, potravinových a přírodních zdrojů
|7 ko2005264397
|4 isb
|
| 810 |
2 |
|
|a Česká zemědělská univerzita v Praze.
|t Metodika
|0 s
|
| 910 |
2 |
|
|a BOA001
|b 2-1396.832
|
| 990 |
|
|
|a BK
|
| 995 |
|
|
|a 01
|
| 991 |
|
|
|b 201711
|c NOV
|
| 996 |
6 |
|
|b 2610724764
|c 2-1396.832
|l MZK
|r Sklad / do 1 hodiny
|n 0
|p p.v.
|w 001638902
|u 000010
|a 1
|e BOA001
|j MZK50
|s P
|